Criterios jurídicos para determinar la existencia de responsabilidad solidaria por obligaciones laborales de las figuras de contratista independiente, empresas de servicios temporales y cooperativas de trabajo asociado / (Registro nro. 173650)
[ vista simple ]
| 000 -LEADER | |
|---|---|
| fixed length control field | 01577cam a2200397 i 4500 |
| 001 - CONTROL NUMBER | |
| control field | 22520846 |
| 006 - FIXED-LENGTH DATA ELEMENTS--ADDITIONAL MATERIAL CHARACTERISTICS--GENERAL INFORMATION | |
| fixed length control field | m o d |
| 007 - PHYSICAL DESCRIPTION FIXED FIELD--GENERAL INFORMATION | |
| fixed length control field | cr un ---uuuua |
| 008 - FIXED-LENGTH DATA ELEMENTS--GENERAL INFORMATION | |
| fixed length control field | 211109s2021 ck ob 000 0 spa d |
| 010 ## - LIBRARY OF CONGRESS CONTROL NUMBER | |
| LC control number | 2021439696 |
| 020 ## - INTERNATIONAL STANDARD BOOK NUMBER | |
| International Standard Book Number | 9789587914412 |
| Qualifying information | (paperback) |
| 020 ## - INTERNATIONAL STANDARD BOOK NUMBER | |
| Cancelled/invalid ISBN | 8782787914412 |
| 035 ## - | |
| -- | 42165 |
| 040 ## - CATALOGING SOURCE | |
| Original cataloging agency | UtOrBLW |
| Language of cataloging | eng |
| Description conventions | rda |
| Transcribing agency | UtOrBLW |
| 042 ## - | |
| -- | pcc |
| 043 ## - | |
| -- | s-ck--- |
| 050 00 - | |
| -- | KHH891 |
| -- | .N54 2021 |
| 082 04 - | |
| -- | 344.86101891 |
| -- | 23 |
| 100 1# - MAIN ENTRY--PERSONAL NAME | |
| Personal name | Nieto Ríos, Wilson Alberto, |
| Relator term | author. |
| 245 10 - TITLE STATEMENT | |
| Title | Criterios jurídicos para determinar la existencia de responsabilidad solidaria por obligaciones laborales de las figuras de contratista independiente, empresas de servicios temporales y cooperativas de trabajo asociado / |
| Statement of responsibility, etc | Wilson Alberto Nieto Ríos, Ángelo Buitrago Giraldo. |
| 264 #1 - | |
| -- | Bogotá : |
| -- | Grupo Editorial Ibáñez, |
| -- | [2021] |
| 300 ## - PHYSICAL DESCRIPTION | |
| Extent | 1 online resource (97 pages) |
| 336 ## - | |
| -- | text |
| -- | txt |
| -- | rdacontent |
| 337 ## - | |
| -- | computer |
| -- | c |
| -- | rdamedia |
| 338 ## - | |
| -- | online resource |
| -- | cr |
| -- | rdacarrier |
| 504 ## - BIBLIOGRAPHY, ETC. NOTE | |
| Bibliography, etc | Includes bibliographical references (page 93). |
| 650 #0 - SUBJECT ADDED ENTRY--TOPICAL TERM | |
| Topical term or geographic name as entry element | Labor contract |
| Geographic subdivision | Colombia. |
| 650 #0 - SUBJECT ADDED ENTRY--TOPICAL TERM | |
| Topical term or geographic name as entry element | Correality and solidarity |
| Geographic subdivision | Colombia. |
| 650 #0 - SUBJECT ADDED ENTRY--TOPICAL TERM | |
| Topical term or geographic name as entry element | Independent contractors |
| General subdivision | Legal status, laws, etc. |
| Geographic subdivision | Colombia. |
| 650 #0 - SUBJECT ADDED ENTRY--TOPICAL TERM | |
| Topical term or geographic name as entry element | Temporary help services |
| General subdivision | Law and legislation |
| Geographic subdivision | Colombia. |
| 650 #0 - SUBJECT ADDED ENTRY--TOPICAL TERM | |
| Topical term or geographic name as entry element | Producer cooperatives |
| General subdivision | Law and legislation |
| Geographic subdivision | Colombia. |
| 700 1# - ADDED ENTRY--PERSONAL NAME | |
| Personal name | Buitrago Giraldo, Ángelo, |
| Relator term | author. |
| 856 40 - LOCALIZACIÓN Y ACCESO ELECTRÓNICO | |
| Identificador Uniforme del Recurso (URI/URL) | https://app.vlex.com/#/sources/42165 |
| 942 ## - | |
| -- | RAA |
| 999 ## - | |
| -- | 173650 |
| -- | 173650 |
No hay ítems disponibles.